000 00555nam a2200193Ia 4500
005 20260114185632.0
008 008 260114s9999 xx 000 0 eng d
020 _a9781472895547
037 _aEBOOK
040 _aCRL
_beng
_cCRL
041 _aeng
_2eng
084 _qCRL
100 _aDuncan B Campbell
_9872504
245 4 _aThe Rise of Imperial Rome AD 14?193
260 _bBloomsbury
_c2016
856 _uhttps://doi.org/10.5040/9781472895547?locatt=label:secondary_bloomsburyCollections
942 _cEBOOK
999 _c1471452
_d1471452